00858nam a2200229 a 450000100100000000500170001000800410002702000150006804000250008304100380010808200150014610000260016124000370018724501320022426000340035630000210039053400460041170000320045704900090048995201130049899900170061100002445620200930023201.0110127s1996 sp r 000 | spa d a8425329485 aDO-SdBNPbspacBNPHU aenghspa2Código de idioma MARC axxxbC311h1 aCarr, Philippa950134 0aDaughters of England.lespañol10aCultura y pospolítica :bel debate sobre la modernidad en América Latina /cPhilippa Carr ; traducción de Diana Falcón. aBarcelona :bGrijalbo,c1996. a340 p. ;c23 cm. aTítulo original :tDaughters of England1 aFalcón, Dianaetr.912947 aBNGR 001050718MOaGRbGRcCTd2011-01-27iLF1l0oxxx C311hp24456-10r2020-06-25w2020-06-25y1ZNo se presta c23949d23949